000 00868nam a22002057a 4500
003 0
005 20250204160309.0
008 250204b xxu||||| |||| 00| 0 eng d
050 _aLB 2395.7
_b.M37 2023
100 _aMartinez, Mary Joy A.
245 _a7ps of the online blended learning of southville international school affiliated foreign university
_bbasis for proposed marketing strategy model.
_cMary Joy A. Martinez
260 _aLas Pinas City
_bSouthville International School and Colleges
_c2023
300 _aiv, 233 pages:
_bcolored illustration;
_c28cm.
500 _aMaster in Business Administration.
504 _aIncludes bibliographical references and appendices.
650 _a7Ps Marketing Model in Education
650 _aOnline and Blended Learning – Philippines.
650 _aMarketing Strategies for Higher Education.
942 _2lcc
_cTH
999 _c367124
_d367124